• 首页
  • 本馆介绍
  • 公告通知
  • 最新文献
  • 馆藏检索
  • 电子资源
  • 读者导购
  • 参考咨询
  • 我的图书馆
  • 登录
  • 详细信息显示
  • 放入我的书架
  • 预约/预借图书
  • 作者相关作品
  • 分类相关作品
  • 丛书相关作品
  • 出版社相关作品

书目信息

  • 表格格式
  • 工作单格式
  • 卡片格式
题名:
古代汉语
    
 
作者: 郭锡良 编著
分册: 上  
出版信息: 天津   天津教育出版社  1996.2
页数: 383页
开本: 20cm
丛书名:
单 册:
中图分类: H109.2
科图分类:
主题词: 汉语
电子资源:
ISBN: 7-5309-1020-5
000 00529nam0 2200193 45
001 0003170905
005 20070703095531.70
010    @a7-5309-1020-5@dCNY10.70
100    @a20000317d1996 km y0chiy0120 ea
101    @achi
200 1  @a古代汉语@h上@AGu Dai Han Yu@f郭锡良等编著@FGuo Xi Liang Deng Bian Zhu
205    @a第2版
210    @a天津@c天津教育出版社@d1996.2
215    @a383页@d20cm
606 0  @a汉语
690    @aH109.2@v2
701  0 @a郭锡良@4编著
801    @aCN@bTSTC@c20070703
905    @f5@b286013-017@dH109.2@e1:1=2
    
    古代汉语.上/郭锡良等编著.-第2版.-天津:天津教育出版社,1996.2
    383页;20cm
    
    
    ISBN 7-5309-1020-5:CNY10.70
    
●
相关链接 在E读中查询图书 在五车中查询图书 在当当中查询图书 在豆瓣中查询图书


正题名:古代汉语     索取号:H109.2/1:1=2         预约/预借

序号 登录号 条形码 馆藏地/架位号 状态 备注
1 0286013   002860130   第四借阅区/ [索取号:H109.2/1:1=2] 在馆    
2 0286014   002860149   第四借阅区/ [索取号:H109.2/1:1=2] 在馆    
3 0286015   002860158   第四借阅区/ [索取号:H109.2/1:1=2] 在馆    
4 0286016   002860167   第四借阅区/ [索取号:H109.2/1:1=2] 在馆    
5 0286017   002860176   第二样本阅览室/ [索取号:H109.2/1:1=2] 在馆    
6 0764881   207648811   密集书库/ [索取号:H109.2/1:1=2] 在馆    
7 0764882   207648820   密集书库/ [索取号:H109.2/1:1=2] 在馆    
唐山师范学院图书馆 欢迎您!
大连网信软件有限公司© 版权所有